000 00776nam a22002057a 4500
003 AM-YEHGA
005 20250617163851.0
008 210802b ||||| |||| 00| 0 rus d
040 _aAM-YeHGA
041 0 _arus
100 1 _aРускол, Александр Абрамович.
245 1 0 _aМатериальное обеспечение престарелых и нетрудоспособных колхозников /
_cА.А. Рускол; Всесоюз. ин-т юрид. наук.
260 _aМосква :
_bГосюриздат,
_c1962.
300 _a83 с.
653 0 _aПенсии и пособия
653 0 _aКолхозники - Социальное обеспечение
942 _2udc
_cBK
001 1783061
090 _c517718
999 _c514196
_d514196